000 00717nam a2200253Ia 4500
003 OSt
005 20220925235659.0
006 a|||||r|||| 00| 0
007 ta
008 220923b |||||||| |||| 00| 0 eng d
020 _a8183562386
037 _cGeneral Book
040 _aRTL
_cRTL
_beng
041 _2eng
_aeng
082 _aX:770aY33, P7
100 _aNarasaiah M Lakshi
_9301578
245 0 _aUrbanisation and economic growth
260 _a New Delhi
_bDiscovery Publishing
_c2007
300 _a138p.
_ccm.
500 _aBibliography: P 125-233
650 _aURBAN DEVELOPMENT
_9238048
942 _hX:770aY33, P7
_cGB
_2CC
999 _c597694
_d597694